Etudes de cartographie historique sur l'Alemain : (Record no. 185667)
[ view plain ]
| 000 -LEADER | |
|---|---|
| campo de control de longitud fija | 00565nam a2200157 i 4500 |
| 001 - NÚMERO DE CONTROL | |
| campo de control | 185667 |
| 003 - IDENTIFICADOR DE NÚMERO DE CONTROL | |
| campo de control | ES-MaACL |
| 005 - FECHA Y HORA DE LA ÚLTIMA TRANSACCIÓN | |
| campo de control | 20230906222505.0 |
| 008 - DATOS DE LONGITUD FIJA--INFORMACIÓN GENERAL | |
| campo de control de longitud fija | 160802s1918 fr |||| | fre d |
| 100 1# - ENTRADA PRINCIPAL--NOMBRE DE PERSONA | |
| Nombre de persona | Tourneur-Aumont, J. M. |
| 9 (RLIN) | 160286 |
| 245 10 - MENCIÓN DEL TÍTULO | |
| Título | Etudes de cartographie historique sur l'Alemain : |
| Resto del título | régions du haut Rhim et du haut Danube du IIIe au VIIIe siècle... / |
| Mención de responsabilidad, etc. | J. M. Tourneur-Aumont. |
| 260 ## - PUBLICACIÓN, DISTRIBUCIÓN, ETC. | |
| Lugar de publicación, distribución, etc. | Paris : |
| Nombre del editor, distribuidor, etc. | Ch. Gérissey, |
| Fecha de publicación, distribución, etc. | 1918. |
| 300 ## - DESCRIPCIÓN FÍSICA | |
| Extensión | 322 p., 1 h., 3 h. de mapas ; |
| Dimensiones | 25. |
| 651 #4 - PUNTO DE ACCESO ADICIONAL DE MATERIA--NOMBRE GEOGRÁFICO | |
| Nombre geográfico | Alemania- |
| Subdivisión general | Mapas. |
| 9 (RLIN) | 160287 |
| 852 ## - LOCALIZACIÓN | |
| Ubicación | ES-MaACL |
| Número de control de estantería | G-5286 |
| Estatus retirado | Estado de pérdida | Estado de daño | No para préstamo | Biblioteca de origen | Biblioteca actual | Ubicación en estantería | Fecha de adquisición | Fuente de adquisición | Total de préstamos | Signatura topográfica completa | Código de barras | Visto por última vez | Precio de reemplazo | Tipo de ítem Koha |
|---|---|---|---|---|---|---|---|---|---|---|---|---|---|---|
| Biblioteca del Ateneo de Madrid | Biblioteca del Ateneo de Madrid | Depósito 2 | 02/08/2016 | G-5286 | 1195717 | 23/02/2023 | 23/02/2023 | Libro impreso |
